000 00627nam a2200253Ia 4500
005 20260121154712.0
008 008 260114s9999 xx 000 0 eng d
020 _a9781003052371
037 _aEBOOK
040 _aCRL
040 _beng
040 _cCRL
041 _2eng
041 _aeng
084 _qCRL
100 _a Elizabeth D. Dore; Deborah H. McMurtrie
_91010459
245 0 _aOur Diverse Middle School Students
260 _bTaylor and Francis
260 _c2021
856 _uhttp://www.taylorfrancis.com/books/9781003052371
942 _cEBOOK
999 _c1577280
_d1577280